Muashyat-i-Islam/ (Record no. 35840)

MARC details
000 -LEADER
fixed length control field 00400nam a22001457a 4500
005 - DATE AND TIME OF LATEST TRANSACTION
control field 20240604114227.0
008 - FIXED-LENGTH DATA ELEMENTS--GENERAL INFORMATION
fixed length control field 240604b |||||||| |||| 00| 0 eng d
082 ## - DEWEY DECIMAL CLASSIFICATION NUMBER
Classification number 330.917
Item number ABU-M
100 ## - MAIN ENTRY--AUTHOR
Author Name Abu ul Aala; Modudi
245 ## - TITLE STATEMENT
Title Muashyat-i-Islam/
Statement of responsibility, etc. Syed Abu-ul- Aala Modudi
260 ## - PUBLICATION, DISTRIBUTION, ETC.
Place of Publication Lahore;
Name of publisher, distributor, etc. Islamic Publications Ltd.
Date of publication, distribution, etc. 2001
300 ## - PHYSICAL DESCRIPTION
Pages 436 p.:
650 ## - SUBJECT ADDED ENTRY--TOPICAL TERM
Subject / Department Economicc
300 ## - PHYSICAL DESCRIPTION
-- 20.4 cm.
952 ## - LOCATION AND ITEM INFORMATION (KOHA)
-- 0
-- 0
Holdings
Lost status Damaged status Collection code Permanent Location Current Location Shelving Location Date acquired Full Call Number Accession No./Barcode Date last seen item type Koha item type
    Economics/Commerce Superior Information Resource Center (SIRC) Superior University - City Campus Superior Information Resource Center (SIRC) Superior University - City Campus Economics 06/04/2024 330.917 Abu-M 2001 2774 06/04/2024 BOOK BOOK

Powered by Koha